000 00676nam a2200241Ia 4500
005 20260430150252.0
008 008 250103s9999 xx 000 0 eng d
037 _aTheses
040 _aCRL
040 _beng
040 _ceng
041 _2eng
041 _aeng
084 _qCRL
100 _aSah Dhananjay Kumar Au.; Chaturvedi Madan Mohan Gu.; Bhatt Anant Narayan Gu.
_91236984
245 0 _aRole of SKI-II and Zn induced Nrf2/ARE antioxidant defence in radioprotection
260 _c2021
300 _a229p.
650 _aZoology
700 _aUniversity of Delhi. Faculty of Science. Department of Zoology
942 _cTH
999 _c1849374
_d1849374